Diálogo entre dos individuos que han llegado al brillante siglo XXI / (Registro nro. 19030)

Detalles MARC
000 -LEADER
campo de control de longitud fija 00549nam a2200181 i 4500
001 - NÚMERO DE CONTROL
campo de control 19030
003 - IDENTIFICADOR DE NÚMERO DE CONTROL
campo de control ES-MaACL
005 - FECHA Y HORA DE LA ÚLTIMA TRANSACCIÓN
campo de control 20230906152000.0
007 - CAMPO FIJO DE DESCRIPCIÓN FÍSICA--INFORMACIÓN GENERAL
campo de control de longitud fija t|
008 - DATOS DE LONGITUD FIJA--INFORMACIÓN GENERAL
campo de control de longitud fija 020524s2002 sp ||||1| spa d
080 ## - NÚMERO DE LA CLASIFICACIÓN DECIMAL UNIVERSAL
Número de la Clasificación Decimal Universal 529(04)
100 1# - ENTRADA PRINCIPAL--NOMBRE DE PERSONA
Nombre de persona Balguerías Jiménez, Antonio.
9 (RLIN) 24934
245 10 - MENCIÓN DEL TÍTULO
Título Diálogo entre dos individuos que han llegado al brillante siglo XXI /
Mención de responsabilidad, etc. Antonio Balguerías Jiménez.
260 ## - PUBLICACIÓN, DISTRIBUCIÓN, ETC.
Lugar de publicación, distribución, etc. [Madrid :
Nombre del editor, distribuidor, etc. El autor,
Fecha de publicación, distribución, etc. 2002]
300 ## - DESCRIPCIÓN FÍSICA
Extensión 9 p. ;
Dimensiones 21 cm.
650 14 - PUNTO DE ACCESO ADICIONAL DE MATERIA--TÉRMINO DE MATERIA
Término de materia o nombre geográfico como elemento de entrada Cronología.
9 (RLIN) 11457
852 ## - LOCALIZACIÓN
Ubicación ES-MaACL
Número de control de estantería 2167-F-15
Sublocalización o colección R.131679
Existencias
Estatus retirado Estado de pérdida Estado de daño No para préstamo Colección Biblioteca de origen Biblioteca actual Ubicación en estantería Fecha de adquisición Fuente de adquisición Total de préstamos Signatura topográfica completa Código de barras Visto por última vez Precio de reemplazo Tipo de ítem Koha
        Colección de folletos Biblioteca del Ateneo de Madrid Biblioteca del Ateneo de Madrid Depósito folletos 17/01/2008     2167-F-15 1019472 23/02/2023 23/02/2023 Folleto